000 00784nam a2200277 a 4500
001 160
003 BD-RjUL
005 20211208233125.0
008 131121s1961 -us 001 0 eng
035 _a(BD-RjUL)
035 _a(OCoLC)374565
040 _aDLC
_cOCedC
_dDLC
_dBD-RjUL
_beng
041 _aeng
082 _216
_a951
_bMAM 1961
100 1 _aMarsh, Robert Mortimer
_9514
245 1 4 _aThe mandarins :
_bthe circulation of elites in China, 1600-1900 /
_cRobert Mortimer Marsh.
260 _aGlencoe [Ill.]
_bFree Press of Glencoe
_cc1961
300 _a300 p. ;
_c22 cm.
500 _aIncludes index
526 _aLanguage
_bLanguage
650 0 _aBureaucracy.
_9515
650 0 _aSocial mobility
_zChina.
_9516
942 _2ddc
_cBK
999 _c160
_d160